[Event "Gothenburg op"]
[Site "Gothenburg"]
[Date "2022.08.12"]
[Round "2"]
[White "Jonbrink, Per Olof"]
[Black "Laith, Kasib"]
[Result "0-1"]
[WhiteElo "1728"]
[BlackElo "2051"]
[PlyCount "74"]
[EventDate "2022.08.12"]
[EventType "swiss"]
[EventRounds "8"]
[EventCountry "SWE"]
[SourceTitle "CBM 209 Extra"]
[Source "ChessBase"]
[SourceDate "2022.09.30"]
[SourceVersion "1"]
[SourceVersionDate "2022.09.30"]
[SourceQuality "1"]

1. e4 c5 2. Nf3 d6 3. d4 cxd4 4. Nxd4 Nf6 5. Nc3 g6 6. Be3 Bg7 7. Be2 Nc6 8. 0-0 0-0 9. Nb3 e6 10. Qe1 d5 11. exd5 exd5 12. Rd1 Be6 13. Qd2 Ne4 14. Nxe4 dxe4 15. Nd4 Nxd4 16. Bxd4 Qxd4 17. Qxd4 Bxd4 18. Rxd4 Rfc8 19. c4 f5 20. Rfd1 Kf7 21. b4 Ke7 22. a3 a5 23. c5 axb4 24. axb4 Ra2 25. Bc4 Bxc4 26. Rxc4 Rd8 27. Rcc1 Rxd1+ 28. Rxd1 Rb2 29. h4 Rxb4 30. g3 Rb2 31. Kf1 Rb5 32. Rc1 Kd7 33. Ke2 Kc6 34. Rd1 Rxc5 35. Rd8 Rc2+ 36. Ke3 Rc3+ 37. Ke2 Rd3 0-1

[Event "Pardubice rapid op 33rd"]
[Site "Pardubice"]
[Date "2022.07.21"]
[Round "8"]
[White "Laith, Kasib"]
[Black "Tolmacevs, Artjoms"]
[Result "1-0"]
[WhiteElo "2079"]
[BlackElo "2022"]
[PlyCount "49"]
[EventDate "2022.07.20"]
[EventType "swiss (rapid)"]
[EventRounds "9"]
[EventCountry "CZE"]
[SourceTitle "CBM 209 Extra"]
[Source "ChessBase"]
[SourceDate "2022.09.30"]
[SourceVersion "1"]
[SourceVersionDate "2022.09.30"]
[SourceQuality "1"]

1. e4 c5 2. Nf3 d6 3. g3 e5 4. d3 Nc6 5. Bg2 Be7 6. 0-0 f5 7. c3 Nf6 8. Nbd2 0-0 9. Re1 f4 10. d4 fxg3 11. hxg3 Ng4 12. dxc5 dxc5 13. Nc4 Be6 14. Qe2 b5 15. Ne3 c4 16. Nf5 Bc5 17. Rf1 Rxf5 18. exf5 Bxf5 19. Nh4 Bd3 20. Qxg4 Bxf1 21. Bxc6 Rc8 22. Bg5 Qc7 23. Bd5+ Kh8 24. Ng6+ hxg6 25. Qh4# 1-0

[Event "Ceske Budejovice op-A"]
[Site "Ceske Budejovice"]
[Date "2022.07.09"]
[Round "9"]
[White "Laith, Kasib"]
[Black "Kosut, Tomas"]
[Result "1-0"]
[WhiteElo "2079"]
[BlackElo "1820"]
[PlyCount "63"]
[EventDate "2022.07.01"]
[EventType "swiss"]
[EventRounds "9"]
[EventCountry "CZE"]
[SourceTitle "CBM 209 Extra"]
[Source "ChessBase"]
[SourceDate "2022.09.30"]
[SourceVersion "1"]
[SourceVersionDate "2022.09.30"]
[SourceQuality "1"]

1. e4 c5 2. Nf3 a6 3. d3 d6 4. g3 g6 5. Bg2 Bg7 6. 0-0 Nf6 7. c3 0-0 8. Re1 e5 9. a3 Nc6 10. b4 b6 11. h3 Qc7 12. Be3 Re8 13. Nbd2 Bb7 14. Qb3 Nd7 15. Rac1 b5 16. a4 Na7 17. axb5 Nxb5 18. d4 h6 19. Nh4 g5 20. Nf5 Rac8 21. h4 c4 22. Qc2 f6 23. Bf1 d5 24. hxg5 hxg5 25. Bg2 Nb6 26. dxe5 Rxe5 27. Bxb6 Qxb6 28. exd5 Na3 29. Nh6+ Kf8 30. Qh7 Rxe1+ 31. Rxe1 Bxh6 32. Re7 1-0

[Event "Vaxjo op"]
[Site "Vaxjo"]
[Date "2022.03.04"]
[Round "3"]
[White "Laith, Kasib"]
[Black "Olsson, William"]
[Result "1-0"]
[WhiteElo "2058"]
[BlackElo "2316"]
[PlyCount "69"]
[EventDate "2022.03.04"]
[EventType "swiss"]
[EventRounds "8"]
[EventCountry "SWE"]
[SourceTitle "EXT 2024"]
[Source "ChessBase"]
[SourceDate "2023.10.10"]
[SourceVersion "1"]
[SourceVersionDate "2023.10.10"]
[SourceQuality "1"]

1. e4 c5 2. Nf3 d6 3. g3 Nc6 4. Bg2 g6 5. d3 Bg7 6. 0-0 Nf6 7. c3 0-0 8. Re1 e5 9. a3 a5 10. a4 d5 11. exd5 Nxd5 12. Na3 Kh8 13. Nc4 f6 14. Nfd2 Nb6 15. Ne4 Nxc4 16. dxc4 Qe7 17. Qd6 Rd8 18. Qxe7 Nxe7 19. Nxc5 Rb8 20. Nb3 b6 21. c5 Be6 22. Nd4 Bg8 23. Nb5 bxc5 24. Be3 c4 25. Red1 Nd5 26. Bc5 f5 27. Bf1 Rbc8 28. Ba3 Nb6 29. Nd6 Rb8 30. Bc5 Bf8 31. Bxb6 Rxd6 32. Bc7 Rxd1 33. Rxd1 Rxb2 34. Rd8 Bg7 35. Bxc4 1-0

[Event "Titled Tuesday intern op 08th Feb Late"]
[Site "Chess.com INT"]
[Date "2022.02.08"]
[Round "7"]
[White "Laith, Kasib"]
[Black "Pavlidou, Ekaterini"]
[Result "0-1"]
[WhiteElo "2058"]
[BlackElo "2189"]
[PlyCount "78"]
[EventDate "2022.02.08"]
[EventType "swiss (blitz)"]
[EventRounds "11"]
[EventCountry "USA"]
[SourceTitle "CBM 206 Extra"]
[Source "ChessBase"]
[SourceDate "2022.03.31"]
[SourceVersion "1"]
[SourceVersionDate "2022.03.31"]
[SourceQuality "1"]

1. Nf3 Nf6 2. g3 g6 3. Bg2 Bg7 4. 0-0 d6 5. d3 e5 6. e4 h5 7. c3 Bg4 8. Bg5 Qd7 9. Nbd2 Nc6 10. Qb3 0-0-0 11. d4 h4 12. Bxh4 exd4 13. cxd4 Rxh4 14. Nxh4 Nxd4 15. Qa3 Kb8 16. f3 g5 17. Nf5 Bxf5 18. exf5 Qxf5 19. Ne4 Nxe4 20. fxe4 Qc5 21. Kh1 Qe5 22. Rxf7 Rh8 23. Qc3 c6 24. Rd1 Ne2 25. Qxe5 Bxe5 26. Bf3 Bxg3 27. Bxe2 Rxh2+ 28. Kg1 Rxe2 29. Rdf1 Bf4 30. Rh7 Rxb2 31. Rh3 Rxa2 32. Rb3 b5 33. Rfb1 a5 34. Kf1 a4 35. Rh3 Kb7 36. Rh7+ Kb6 37. Rh8 Rc2 38. Rh7 a3 39. Ke1 a2 0-1

[Event "Titled Tuesday intern op 08th Feb Late"]
[Site "Chess.com INT"]
[Date "2022.02.08"]
[Round "6"]
[White "Myers, Dominique"]
[Black "Laith, Kasib"]
[Result "0-1"]
[WhiteElo "2065"]
[BlackElo "2058"]
[PlyCount "84"]
[EventDate "2022.02.08"]
[EventType "swiss (blitz)"]
[EventRounds "11"]
[EventCountry "USA"]
[SourceTitle "CBM 206 Extra"]
[Source "ChessBase"]
[SourceDate "2022.03.31"]
[SourceVersion "1"]
[SourceVersionDate "2022.03.31"]
[SourceQuality "1"]

1. e4 d6 2. d4 Nf6 3. Nc3 g6 4. Nge2 Bg7 5. Be3 c6 6. f3 b5 7. Qd2 Nbd7 8. 0-0-0 Nb6 9. Ng3 b4 10. Nb1 a5 11. h4 h5 12. Bd3 Be6 13. b3 0-0 14. Bh6 a4 15. Bxg7 axb3 16. cxb3 Kxg7 17. e5 dxe5 18. dxe5 Nh7 19. Qe3 Nd5 20. Qd2 Qa5 21. Qc2 Ne3 22. Qb2 Nxd1 23. Rxd1 Qxa2 24. Nd2 Rfd8 25. Nde4 Bxb3 26. Rd2 Qa1+ 27. Qxa1 Rxa1+ 28. Kb2 Ra2+ 29. Kxb3 Rxd2 30. Bc4 Rxg2 31. Kxb4 Rh2 32. Kc5 Rxh4 33. Kxc6 Rf4 34. Be2 h4 35. Nf1 h3 36. Nh2 Rxe4 37. fxe4 Rd2 38. Bg4 Rxh2 39. Kd7 Kf8 40. e6 fxe6 41. Kxe6 Nf6 42. Bd1 Rf2 0-1

[Event "Titled Tuesday intern op 25th Jan"]
[Site "Chess.com INT"]
[Date "2022.01.25"]
[Round "3"]
[White "Novikova, Galina"]
[Black "Laith, Kasib"]
[Result "1-0"]
[WhiteElo "2073"]
[BlackElo "2020"]
[PlyCount "51"]
[EventDate "2022.01.25"]
[EventType "swiss (blitz)"]
[EventRounds "11"]
[EventCountry "USA"]
[SourceTitle "CBM 206 Extra"]
[Source "ChessBase"]
[SourceDate "2022.03.31"]
[SourceVersion "1"]
[SourceVersionDate "2022.03.31"]
[SourceQuality "1"]

1. e4 d6 2. d4 Nf6 3. Nc3 g6 4. f3 c6 5. Be3 b5 6. Qd2 Nbd7 7. 0-0-0 b4 8. Nce2 a5 9. Kb1 Bb7 10. g4 Nb6 11. Nc1 h5 12. g5 Nfd7 13. f4 c5 14. dxc5 Bxe4 15. Bg2 Bxg2 16. Qxg2 Nc4 17. Bd4 e5 18. fxe5 dxe5 19. c6 Nc5 20. c7 Qc8 21. Bxc5 Be7 22. Qc6+ Kf8 23. Bxe7+ Kxe7 24. Qxc4 Ra7 25. Qc5+ Ke6 26. Qxa7 1-0

[Event "Titled Tuesday intern op 25th Jan"]
[Site "Chess.com INT"]
[Date "2022.01.25"]
[Round "10"]
[White "Pham, Le Thao Nguyen"]
[Black "Laith, Kasib"]
[Result "1-0"]
[WhiteElo "2369"]
[BlackElo "2020"]
[PlyCount "45"]
[EventDate "2022.01.25"]
[EventType "swiss (blitz)"]
[EventRounds "11"]
[EventCountry "USA"]
[SourceTitle "CBM 206 Extra"]
[Source "ChessBase"]
[SourceDate "2022.03.31"]
[SourceVersion "1"]
[SourceVersionDate "2022.03.31"]
[SourceQuality "1"]

1. g3 g6 2. Bg2 Bg7 3. Nf3 d6 4. 0-0 Nf6 5. d4 0-0 6. c4 Nc6 7. Nc3 e5 8. d5 Nb8 9. Bd2 a5 10. Qc1 Na6 11. a3 Re8 12. Nb5 Nc5 13. Qd1 Nfe4 14. Be3 b6 15. Nd2 Nxd2 16. Bxd2 f5 17. Be3 f4 18. gxf4 Rf8 19. fxe5 Bxe5 20. Bd4 Bxd4 21. Nxd4 Nb3 22. Qxb3 Qg5 23. Ne6 1-0

[Event "Titled Tuesday intern op 25th Jan"]
[Site "Chess.com INT"]
[Date "2022.01.25"]
[Round "4"]
[White "Svicevic, Rastko"]
[Black "Laith, Kasib"]
[Result "0-1"]
[WhiteElo "2200"]
[BlackElo "2020"]
[PlyCount "66"]
[EventDate "2022.01.25"]
[EventType "swiss (blitz)"]
[EventRounds "11"]
[EventCountry "USA"]
[SourceTitle "CBM 206 Extra"]
[Source "ChessBase"]
[SourceDate "2022.03.31"]
[SourceVersion "1"]
[SourceVersionDate "2022.03.31"]
[SourceQuality "1"]

1. e4 d6 2. d4 Nf6 3. Nc3 g6 4. f4 Bg7 5. Nf3 0-0 6. Be3 Na6 7. h3 c5 8. d5 e6 9. dxe6 fxe6 10. e5 Ne8 11. Bxa6 bxa6 12. 0-0 Bb7 13. exd6 Qxd6 14. Qxd6 Nxd6 15. Bxc5 Rfd8 16. Rae1 Nc4 17. Rxe6 Nxb2 18. Ne4 Rac8 19. Be7 Rd5 20. Nd6 Rb8 21. Ne5 Bc8 22. Nxc8 Rxc8 23. Rxa6 Rxc2 24. Rxa7 h6 25. Nxg6 Rdd2 26. Nh4 Nc4 27. Bc5 Bd4+ 28. Bxd4 Rxd4 29. Ra8+ Kh7 30. a4 Ne3 31. Ra7+ Kg8 32. Ra6 Nxf1 33. Kxf1 Rd1# 0-1

[Event "Marienske Lazne op 20th"]
[Site "Marianske Lazne"]
[Date "2022.01.16"]
[Round "2"]
[White "Mohsen, Nur Batrisya Wafa"]
[Black "Laith, Kasib"]
[Result "0-1"]
[WhiteElo "1208"]
[BlackElo "2020"]
[PlyCount "62"]
[EventDate "2022.01.15"]
[EventType "swiss"]
[EventRounds "9"]
[EventCountry "CZE"]
[SourceTitle "CBM 206 Extra"]
[Source "ChessBase"]
[SourceDate "2022.03.31"]
[SourceVersion "1"]
[SourceVersionDate "2022.03.31"]
[SourceQuality "1"]

1. Nf3 d6 2. c4 g6 3. g3 Bg7 4. Bg2 Nf6 5. d4 0-0 6. Nc3 Nc6 7. 0-0 e5 8. dxe5 dxe5 9. a3 Be6 10. Qa4 Qc8 11. Ng5 Bd7 12. e3 h6 13. Nf3 e4 14. Nd2 Nd4 15. Qd1 Bg4 16. f3 exf3 17. Nxf3 Nc6 18. Qc2 Bh3 19. Bd2 Bxg2 20. Kxg2 Re8 21. Rae1 Qd7 22. Re2 Rad8 23. Rfe1 Ne5 24. Nxe5 Rxe5 25. Nb5 Ne4 26. Nd4 Ng5 27. Bc3 Qh3+ 28. Kg1 c5 29. Nb3 Nf3+ 30. Kh1 Nxe1 31. Rxe1 Rxe3 0-1

[Event "Wch Blitz"]
[Site "Warsaw"]
[Date "2021.12.30"]
[Round "16"]
[White "Laith, Kasib"]
[Black "Baum, Jonasz"]
[Result "0-1"]
[WhiteElo "2009"]
[BlackElo "2287"]
[PlyCount "90"]
[EventDate "2021.12.29"]
[EventType "swiss (blitz)"]
[EventRounds "21"]
[EventCountry "POL"]
[SourceTitle "CBM 205 Extra"]
[Source "ChessBase"]
[SourceDate "2022.01.31"]
[SourceVersion "1"]
[SourceVersionDate "2022.01.31"]
[SourceQuality "1"]

1. Nf3 d5 2. g3 g6 3. Bg2 Bg7 4. 0-0 Nf6 5. d3 0-0 6. Nbd2 Bg4 7. h3 Bxf3 8. Nxf3 c6 9. c3 Nbd7 10. Qc2 Nc5 11. b4 Ncd7 12. e4 a5 13. Bb2 Nb6 14. a3 dxe4 15. dxe4 Nc4 16. Rad1 Qb6 17. Bc1 axb4 18. axb4 Rfd8 19. Qe2 Qa6 20. Rxd8+ Rxd8 21. Re1 Nd7 22. Bf1 b5 23. Nd4 Qb6 24. Rd1 Nde5 25. Bg2 Nd6 26. Be3 Qc7 27. f4 Nec4 28. Bf2 e5 29. Nc2 exf4 30. gxf4 Bxc3 31. e5 Nf5 32. Rxd8+ Qxd8 33. Bxc6 Ng3 34. Bxg3 Qb6+ 35. Bf2 Qxc6 36. Ne3 Bxb4 37. f5 Nxe3 38. Qxe3 Bf8 39. e6 fxe6 40. fxe6 Qd6 41. Qe4 b4 42. Bd4 b3 43. Be5 Qd1+ 44. Kg2 Qc2+ 45. Kg3 Qxe4 0-1

[Event "Wch Blitz"]
[Site "Warsaw"]
[Date "2021.12.29"]
[Round "4"]
[White "Kovalev, Vladislav"]
[Black "Laith, Kasib"]
[Result "1-0"]
[WhiteElo "2623"]
[BlackElo "2009"]
[PlyCount "90"]
[EventDate "2021.12.29"]
[EventType "swiss (blitz)"]
[EventRounds "21"]
[EventCountry "POL"]
[SourceTitle "CBM 205 Extra"]
[Source "ChessBase"]
[SourceDate "2022.01.31"]
[SourceVersion "1"]
[SourceVersionDate "2022.01.31"]
[SourceQuality "1"]

1. e4 d6 2. d4 Nf6 3. Nc3 g6 4. Be3 c6 5. Qd2 b5 6. f3 Nbd7 7. g4 Nb6 8. h4 h5 9. g5 Nfd7 10. f4 e6 11. f5 Bb7 12. f6 b4 13. Nd1 c5 14. Nf2 Qc7 15. Nf3 d5 16. dxc5 Nxc5 17. Bb5+ Bc6 18. Bxc6+ Qxc6 19. exd5 Nxd5 20. 0-0-0 Rd8 21. Qe2 Bd6 22. Nd4 Qa4 23. Qb5+ Qxb5 24. Nxb5 Nxe3 25. Rxd6 0-0 26. Re1 Nc4 27. Rc6 Rd5 28. Nc7 Rf5 29. Ne4 Nxe4 30. Rxc4 Nd6 31. Rxb4 Rc5 32. Rd1 Rxc7 33. Rxd6 Rfc8 34. Rbd4 Rxc2+ 35. Kd1 Rxb2 36. Rd8+ Rxd8 37. Rxd8+ Kh7 38. Rd7 Rh2 39. Rxf7+ Kg8 40. Rg7+ Kf8 41. Rxg6 Rxh4 42. Rh6 Rg4 43. g6 Kg8 44. f7+ Kg7 45. Rh8 Rd4+ 1-0

[Event "Wch Blitz"]
[Site "Warsaw"]
[Date "2021.12.29"]
[Round "7"]
[White "Laith, Kasib"]
[Black "Kuzmicz, Krystian"]
[Result "0-1"]
[WhiteElo "2009"]
[BlackElo "2469"]
[PlyCount "55"]
[EventDate "2021.12.29"]
[EventType "swiss (blitz)"]
[EventRounds "21"]
[EventCountry "POL"]
[SourceTitle "CBM 205 Extra"]
[Source "ChessBase"]
[SourceDate "2022.01.31"]
[SourceVersion "1"]
[SourceVersionDate "2022.01.31"]
[SourceQuality "1"]

1. Nf3 g6 2. g3 Bg7 3. Bg2 e5 4. d3 d6 5. 0-0 f5 6. e4 Nf6 7. Nbd2 Nc6 8. c3 0-0 9. b4 h6 10. Re1 f4 11. b5 Ne7 12. d4 exd4 13. cxd4 Nh5 14. Bb2 Kh8 15. Qe2 Be6 16. e5 d5 17. Nb3 b6 18. Nh4 Qe8 19. g4 f3 20. Bxf3 Nf4 21. Qe3 g5 22. Ng2 Neg6 23. Bd1 Qxb5 24. Nd2 Qxb2 25. Bf3 Qb5 26. Rab1 Qd7 27. Rbc1 Bxg4 28. Rc3 0-1

[Event "Titled Tuesday intern op 07th Sept"]
[Site "Chess.com INT"]
[Date "2021.09.07"]
[Round "7"]
[White "Cramling Bellon, Anna"]
[Black "Laith, Kasib"]
[Result "1-0"]
[WhiteElo "2035"]
[BlackElo "2009"]
[PlyCount "54"]
[EventDate "2021.09.07"]
[EventType "swiss (blitz)"]
[EventRounds "11"]
[EventCountry "USA"]
[SourceTitle "EXT 2022"]
[Source "ChessBase"]
[SourceDate "2021.10.06"]
[SourceVersion "1"]
[SourceVersionDate "2021.10.06"]
[SourceQuality "1"]

1. d4 d6 2. Nf3 g6 3. c4 Bg7 4. e4 Nf6 5. Nc3 0-0 6. h3 Na6 7. Bg5 Qe8 8. Be2 e5 9. d5 Nh5 10. g3 h6 11. Be3 f5 12. exf5 gxf5 13. Nh4 f4 14. Bxh5 Qe7 15. Ng6 Qf6 16. Nxf8 Qxf8 17. gxf4 exf4 18. Bd4 Kh7 19. Bxg7 Qxg7 20. Qd3+ Kh8 21. 0-0-0 Nc5 22. Qd4 Qxd4 23. Rxd4 Bf5 24. Be2 a5 25. Rxf4 Bh7 26. Rg1 Re8 27. Rf6 Bd3 1-0

[Event "Titled Tuesday intern op 07th Sept"]
[Site "Chess.com INT"]
[Date "2021.09.07"]
[Round "3"]
[White "Laith, Kasib"]
[Black "Gogolev, Artem"]
[Result "0-1"]
[WhiteElo "2009"]
[BlackElo "2294"]
[PlyCount "64"]
[EventDate "2021.09.07"]
[EventType "swiss (blitz)"]
[EventRounds "11"]
[EventCountry "USA"]
[SourceTitle "EXT 2022"]
[Source "ChessBase"]
[SourceDate "2021.10.06"]
[SourceVersion "1"]
[SourceVersionDate "2021.10.06"]
[SourceQuality "1"]

1. Nf3 Nf6 2. g3 g6 3. Bg2 Bg7 4. 0-0 0-0 5. d3 b6 6. e4 Bb7 7. c3 c5 8. Re1 d6 9. Nbd2 Nbd7 10. d4 cxd4 11. cxd4 e5 12. Nc4 Nxe4 13. dxe5 dxe5 14. Ng5 Nxg5 15. Bxb7 Rb8 16. Bg2 Ne6 17. Nd6 Ndc5 18. Be3 Nd4 19. Nc4 Re8 20. Qd2 Qd7 21. Rad1 Rbd8 22. Bg5 f6 23. Be3 Nce6 24. b3 Qe7 25. Qb2 h6 26. h4 f5 27. Bxd4 Nxd4 28. Nxe5 Bxe5 29. f4 Nf3+ 30. Bxf3 Bxb2 31. Rxe7 Rxd1+ 32. Bxd1 Rxe7 0-1

[Event "Titled Tuesday intern op 31st Aug"]
[Site "Chess.com INT"]
[Date "2021.08.31"]
[Round "9"]
[White "Laith, Kasib"]
[Black "Sihite, Chelsie Monica"]
[Result "0-1"]
[WhiteElo "2047"]
[BlackElo "2252"]
[PlyCount "80"]
[EventDate "2021.08.31"]
[EventType "swiss (blitz)"]
[EventRounds "11"]
[EventCountry "USA"]
[SourceTitle "EXT 2022"]
[Source "ChessBase"]
[SourceDate "2021.10.06"]
[SourceVersion "1"]
[SourceVersionDate "2021.10.06"]
[SourceQuality "1"]

1. Nf3 Nf6 2. g3 g6 3. Bg2 Bg7 4. 0-0 0-0 5. d3 d6 6. e4 e5 7. Nbd2 Nbd7 8. Nh4 Nh5 9. Qe1 Nc5 10. f4 exf4 11. gxf4 Bf6 12. Ndf3 Nxf4 13. Bxf4 g5 14. Nxg5 Bxg5 15. Qg3 h6 16. Nf5 Bxf5 17. exf5 Kh8 18. b4 Nd7 19. Rae1 Rg8 20. Qh3 Qf6 21. Kh1 Rg7 22. Bxb7 Rag8 23. Be4 Ne5 24. Bg3 h5 25. Qxh5+ Rh7 26. Qe2 Bh4 27. Bxe5 dxe5 28. Rg1 Bg3 29. Rxg3 Rxg3 30. Qf2 Rgh3 31. Qxa7 Rxh2+ 32. Kg1 Qg5+ 33. Kf1 Qf4+ 34. Kg1 Qg3+ 35. Kf1 Rh1+ 36. Bxh1 Rxh1+ 37. Ke2 Rxe1+ 38. Kd2 Rg1 39. Qa8+ Kh7 40. f6 Qe1# 0-1